Organizational behavior and administration: cases, concepts, and research findings
Spremljeno u:
| Glavni autori: | , , , , , , , |
|---|---|
| Format: | Knjiga |
| Jezik: | engleski |
| Izdano: |
Homewood
The Dorsey Press
1961
Homewood Richard D. Irwin 1961 |
| Serija: | The Irwin-Dorsey Series in Behavioral Scince in Business
|
| Teme: | |
| Oznake: |
Dodaj oznaku
Bez oznaka, Budi prvi tko označuje ovaj zapis!
|
MARC
| LEADER | 00000nam a2200000 a 4500 | ||
|---|---|---|---|
| 001 | UCR9610 | ||
| 003 | CL-VaPUC | ||
| 008 | 980613e19610000us |||||||||||||||||eng|d | ||
| 082 | 0 | 4 | |a 658.3 |b LAW |2 21 |
| 100 | |a Lawrence, Paul R |e author |9 482414 | ||
| 700 | 0 | |a Bailey, Joseph C |e author |9 412325 | |
| 700 | |a Katz, Robert L |e author |9 412326 | ||
| 700 | 0 | |a Seiler, John A |e author |9 412327 | |
| 700 | 0 | |a Orth, Charles D |e author |9 412328 | |
| 700 | 0 | |a Clark, James V |e author |9 412329 | |
| 700 | 0 | |a Barnes, Louis B |e author |9 412330 | |
| 700 | 0 | |a Turner, Arthur N |e author |9 412331 | |
| 245 | 1 | 0 | |a Organizational behavior and administration: cases, concepts, and research findings |
| 300 | |a 910 p | ||
| 942 | |c BK | ||
| 945 | |d 19980613 00:00:00 |a cmena | ||
| 260 | |a Homewood |b The Dorsey Press |c 1961 | ||
| 260 | |a Homewood |b Richard D. Irwin |c 1961 | ||
| 650 | 0 | |a Comportamiento |9 308406 | |
| 650 | 0 | |a Recursos humanos |9 228420 | |
| 650 | 0 | |a Relaciones laborales |9 335971 | |
| 650 | 0 | |a Administración de empresas |9 260833 | |
| 650 | 0 | |a Administración del personal |9 260442 | |
| 650 | 7 | |a CONFLICTO LABORAL |2 CL-VaPUC |9 354657 | |
| 583 | |a last modification |c 20190725 10:19:47 |k Rodrigo Vera | ||
| 490 | 0 | |a The Irwin-Dorsey Series in Behavioral Scince in Business | |
| 999 | |c 270796 |d 270794 | ||
| 952 | |0 0 |1 0 |4 0 |6 658_300000000000000_LAW_1961_1961 |7 0 |8 P |9 305198 |a BIBGIM |b BIBGIM |d 2019-11-20 |i 141951K |o 658.3 LAW 1961 1961 |p 141951K |r 2025-01-15 |w 2019-11-20 |y BK |k COM | ||